000 00672nam a2200229Ia 4500
003 OSt
005 20221005092007.0
006 a|||||r|||| 00| 0
007 ta
008 221004b |||||||| |||| 00| 0 eng d
024 _a89486
037 _cTextual
040 _aCRL
_cCRL
_beng
041 _2eng
_aeng
082 _aS:30j8un1.N76, L6
100 _aBarber Theodore X.
_9404883
245 0 _aAdvances in altered states of consciousness and human potentialities
260 _aNew York
_bPsychological Dimensions USA
_c1976
650 _aPSYCHOLOGY
942 _hS:30j8un1.N76, L6
_cTEXL
_2cc
999 _c998107
_d998107